00830nam a22002177a 450000500170000001000150001702000280003202000220006003500130008203700130009508200110010810000210011924501180014026000460025827000660030430000250037050000510039594200250044699900170047195201240048820150410124609.0 aENG-112402 a9780198098874c895.00  a198098871c895.00 aEN-95934 bDBAD/PUB a379.54 aPriyam, Manisha  aContested politics of educational reform in India : cby Manisha Priyambaligning opportunities with interests /  aNew Delhi bOxford University Pressc2015 aYMCA Library Building, 1 Jai Singh Road, bNew Delhi e110001 axxii,309p.c23cm(Hb) aIncludes bibliographical references and index  2ddccENmPRIh379.54 c92289d92289 001040718NFICaDBADbDBADd2015-03-17eDBAD/PUBg895.00l0o379.54 PRIpEN-95934r2015-03-17 00:00:00t1v895.00yEN